000 00778nas a2200253 4500
001 BR8005050
003 BR-BrBNA
005 20231205084400.0
007 ta
008 230509b bl.|||p| |||| 00| 00por d
040 _aBR-BrBNA
_bpor
_cBiblioteca Nacional de Agricultura
041 _a(Pt)
072 _aF21
100 1 _aLopes, E.S.
100 1 _aGiardini, A.R.
100 1 _aSanches, L.
111 1 _a9. Reuniao Latino-americana sobre Rhizobium
_cMexico (Mexico)
_d1978
245 1 _aSobrevivencia de Rhizobium japonicum em turfa esterelizada com raios gama
650 _aRHIZOBIUM
650 _aINOCULACAO
773 0 _tBragantia (Brazil)
_xISSN 0006-8705
_g(1980), v. 39 p. 205-209
_wBR8005050
909 _a202311
_bLúcia
_c55
_dLúcia Elande
942 _2AGRIS
_n0
_cANA
999 _c104854
_d104854